Desventaja multiplicada: la mujer del sector informal /
Na minha lista:
| Autor principal: | |
|---|---|
| Formato: | Texto |
| Tags: |
Adicionar Tag
Sem tags, seja o primeiro a adicionar uma tag!
|
MARC
| LEADER | 00000 a a2200000 04500 | ||
|---|---|---|---|
| 001 | 47567 | ||
| 003 | |||
| 040 | |||
| 100 | |a Rakowski, Cathy | ||
| 245 | |a Desventaja multiplicada: |b la mujer del sector informal / |c Cathy Rakowski | ||
| 246 | |a La economía del Rebusque | ||
| 773 | |g número16, (1988), páginas 55-69 | ||
| 999 | |c 26268 |d 26268 | ||
